[Event "SR 3. liga A2 2018/2019"]
[Site "?"]
[Date "2018.11.25"]
[Round "4.5"]
[White "Kocak, Branislav"]
[Black "Babirat, Michal"]
[Result "1/2-1/2"]
[WhiteElo "1878"]
[BlackElo "1838"]
[PlyCount "91"]
[EventDate "2018.??.??"]

1. Nf3 Nf6 2. c4 g6 3. Nc3 Bg7 4. d4 O-O 5. e4 d6 6. Be2 Nbd7 7. h3 e5 8. dxe5
Nxe5 9. Nxe5 dxe5 10. O-O Be6 11. Be3 c6 12. Qxd8 Rfxd8 13. Rfd1 b6 14. g4 Ne8
15. a3 Bf8 16. Kg2 Be7 17. f3 Rab8 18. Rac1 f6 19. f4 Nd6 20. b3 Nb7 21. b4 Nd6
22. c5 Nc4 23. Bxc4 Bxc4 24. cxb6 axb6 25. fxe5 fxe5 26. Rxd8+ Bxd8 27. Nd1 Bd3
28. Nf2 Bb5 29. Rd1 Bc7 30. Bc1 Rd8 31. Rxd8+ Bxd8 32. Kf3 Kf7 33. Be3 Ke6 34.
Nd1 Bf1 35. Kg3 Bd3 36. Nc3 Bc2 37. g5 Kd7 38. Kf3 Bb3 39. Ke2 Kc7 40. Kd3 Kb7
41. Nb1 Be7 42. Kc3 Be6 43. h4 Ka6 44. Nd2 Kb5 45. Nb3 Bd6 46. Nd2 1/2-1/2

[Event "SR 3. liga A2 2018/2019"]
[Site "?"]
[Date "2018.11.25"]
[Round "4.5"]
[White "Sottnik, Filip"]
[Black "Danada, Ondrej"]
[Result "0-1"]
[WhiteElo "1704"]
[BlackElo "1850"]
[PlyCount "86"]
[EventDate "2018.??.??"]

1. e4 c6 2. d4 d5 3. exd5 cxd5 4. Nf3 Nc6 5. Be2 Nf6 6. O-O Bf5 7. Bd3 Bxd3 8.
Qxd3 e6 9. Bg5 Rc8 10. c3 Bd6 11. Nbd2 O-O 12. Rfe1 Qb6 13. Rab1 Nd7 14. Be3
Qc7 15. h3 a6 16. b4 Na7 17. Rbc1 Nb6 18. Nb1 Qc4 19. Qe2 Nb5 20. Ne5 Bxe5 21.
dxe5 Na4 22. Qxc4 Rxc4 23. Bd4 Nxd4 24. cxd4 Rfc8 25. Rxc4 Rxc4 26. Rd1 Rxb4
27. a3 Rc4 28. Kf1 Nc3 29. Nxc3 Rxc3 30. a4 Rc4 31. a5 g5 32. Ke2 Ra4 33. Kd3
Ra3+ 34. Ke2 Rxa5 35. Rb1 b5 36. Rb4 Kg7 37. g4 Ra2+ 38. Kf3 Ra4 39. Rb3 Rxd4
40. Ra3 Ra4 41. Rb3 b4 42. Ke2 Ra2+ 43. Ke3 Ra3 0-1

[Event "SR 3. liga A2 2018/2019"]
[Site "?"]
[Date "2018.11.25"]
[Round "4.5"]
[White "Kubis, Ivan"]
[Black "Ganz, Marek"]
[Result "1-0"]
[WhiteElo "1880"]
[BlackElo "1710"]
[PlyCount "73"]
[EventDate "2018.??.??"]

1. e4 e5 2. Nf3 Nc6 3. Bb5 a6 4. Ba4 Bc5 5. O-O Nf6 6. c3 b5 7. Bc2 d6 8. h3 h6
9. d4 Bb6 10. a4 Bb7 11. Re1 O-O 12. d5 Ne7 13. Nbd2 Re8 14. Nf1 Qb8 15. Ng3 c6
16. dxc6 Nxc6 17. Nf5 Rd8 18. Qe2 b4 19. Nh2 Kf8 20. Ng4 Bc8 21. Nxf6 Bxf5 22.
exf5 gxf6 23. Bxh6+ Ke7 24. Qc4 Rc8 25. Bb3 Nd8 26. Qxb4 Ra7 27. Bd5 Rc5 28.
Rad1 Qc7 29. Be3 Nc6 30. Qa3 a5 31. Bxc5 Bxc5 32. Qa2 Ke8 33. Re4 Ne7 34. Bxf7+
Kd8 35. Qe6 Qc6 36. Rh4 Nxf5 37. Rh8+ 1-0

[Event "SR 3. liga A2 2018/2019"]
[Site "?"]
[Date "2018.11.25"]
[Round "4.5"]
[White "Benkovsky, Peter"]
[Black "Takacs, Zsolt"]
[Result "1/2-1/2"]
[WhiteElo "1675"]
[BlackElo "1785"]
[PlyCount "110"]
[EventDate "2018.??.??"]

1. d4 d5 2. c4 dxc4 3. Nc3 Nf6 4. e3 e6 5. Nf3 Be7 6. Bxc4 O-O 7. O-O b6 8. a3
Bb7 9. b4 a5 10. b5 c5 11. Bb2 cxd4 12. Nxd4 Nbd7 13. Rc1 Nc5 14. Na4 Nfe4 15.
Qg4 Bf6 16. Nxc5 Nxc5 17. Rfd1 Qe7 18. Nc6 Bxc6 19. Bxf6 Qxf6 20. bxc6 Qb2 21.
Rb1 Qxa3 22. Rxb6 Rab8 23. Rxb8 Rxb8 24. c7 Rf8 25. Rd8 Nb7 26. Rxf8+ Qxf8 27.
Bxe6 Nd6 28. c8=Q Nxc8 29. Bxc8 a4 30. Ba6 a3 31. Bc4 Qc5 32. Qd4 Qc7 33. g4 g6
34. f4 Qa5 35. Qd1 a2 36. Qa1 Qc5 37. Qxa2 Qxe3+ 38. Qf2 Qc1+ 39. Bf1 h6 40.
Kg2 Kg7 41. h4 Qc3 42. Be2 Qc6+ 43. Bf3 Qd6 44. Qe3 f6 45. Kg3 g5 46. Qa7+ Kf8
47. Qa8+ Kg7 48. Qb7+ Kf8 49. Qc8+ Kg7 50. Qf5 gxf4+ 51. Qxf4 Qc5 52. h5 Qg1+
53. Bg2 Qe1+ 54. Kh3 Qc3+ 55. Qf3 Qc1 1/2-1/2

[Event "SR 3. liga A2 2018/2019"]
[Site "?"]
[Date "2018.11.25"]
[Round "4.5"]
[White "Kastler, Peter"]
[Black "Lackovic, Marek"]
[Result "1/2-1/2"]
[WhiteElo "1751"]
[BlackElo "1614"]
[PlyCount "82"]
[EventDate "2018.??.??"]

1. d4 d5 2. c4 c6 3. e3 Nf6 4. Nf3 e6 5. Be2 Nbd7 6. O-O dxc4 7. Bxc4 b5 8. Be2
Bb7 9. a3 a6 10. Nbd2 c5 11. b3 Be7 12. Bb2 O-O 13. Rc1 Rc8 14. dxc5 Rxc5 15.
b4 Rxc1 16. Qxc1 Qc8 17. Qb1 Qb8 18. Rc1 Rc8 19. Nd4 Rxc1+ 20. Qxc1 Bd6 21. h3
Qc7 22. Qxc7 Bxc7 23. Bf3 Bxf3 24. N2xf3 Ne4 25. Nb3 f6 26. Kf1 Kf7 27. Ke2 e5
28. Nfd2 Nxd2 29. Kxd2 Ke6 30. e4 Bd6 31. Kd3 Be7 32. Bc1 Kd6 33. Be3 Kc6 34.
Na5+ Kc7 35. Nb3 Kc6 36. Nc1 Nb6 37. Bxb6 Kxb6 38. Na2 Kc6 39. Nc3 a5 40. Nd5
Bd6 41. Kc3 axb4+ 1/2-1/2

[Event "SR 3. liga A2 2018/2019"]
[Site "?"]
[Date "2018.11.25"]
[Round "4.5"]
[White "Slezak, Vladimir"]
[Black "Kanka, Tomas"]
[Result "0-1"]
[WhiteElo "1527"]
[BlackElo "1720"]
[PlyCount "102"]
[EventDate "2018.??.??"]

1. d4 Nf6 2. Nc3 d5 3. Nf3 g6 4. Bf4 c6 5. e3 Bg7 6. Bd3 Bg4 7. h3 Bxf3 8. Qxf3
Nbd7 9. g4 Qa5 10. O-O Rc8 11. Ne2 h6 12. e4 dxe4 13. Bxe4 Nxe4 14. Qxe4 O-O
15. Rfd1 Nf6 16. Qe3 Nd5 17. Qd2 Qb5 18. b3 Nxf4 19. Nxf4 Qg5 20. Ng2 Qxd2 21.
Rxd2 c5 22. Re1 e6 23. c3 Rfd8 24. Red1 g5 25. dxc5 Rxd2 26. Rxd2 Bxc3 27. Rd7
Rxc5 28. Rxb7 Bd4 29. Ne3 Rc1+ 30. Kg2 Bxe3 31. fxe3 Rc2+ 32. Kf3 Rxa2 33. e4
a5 34. Ra7 Ra3 35. Kg2 Rxb3 36. Rxa5 Kg7 37. Ra6 Re3 38. Ra4 Kf6 39. Rb4 Ke5
40. Rb7 f6 41. Rh7 Rxe4 42. Rxh6 f5 43. Kf3 Rf4+ 44. Kg3 Rc4 45. Rg6 Rc3+ 46.
Kg2 Kf4 47. Rf6 Rc2+ 48. Kf1 Kf3 49. Kg1 Kg3 50. Kf1 f4 51. Rg6 f3 0-1

[Event "SR 3. liga A2 2018/2019"]
[Site "?"]
[Date "2018.11.25"]
[Round "4.6"]
[White "Bango, Dominik"]
[Black "Spacek, Oliver"]
[Result "0-1"]
[WhiteElo "1857"]
[BlackElo "2190"]
[PlyCount "40"]
[EventDate "2018.??.??"]

1. e4 c5 2. Nf3 a6 3. d4 cxd4 4. Nxd4 e6 5. Be3 Nf6 6. f3 Qc7 7. Nd2 b6 8. Bd3
Bd6 9. Nc4 Bc5 10. Nb3 d5 11. exd5 exd5 12. Bxc5 bxc5 13. Qe2+ Be6 14. Bf5 dxc4
15. Bxe6 fxe6 16. Qxc4 Qe5+ 17. Kf2 O-O 18. Rae1 Qd5 19. Qxc5 Nbd7 20. Qe3 Ng4+
0-1

[Event "SR 3. liga A2 2018/2019"]
[Site "?"]
[Date "2018.11.25"]
[Round "4.6"]
[White "Cajka, Tibor"]
[Black "Capanda, Jan"]
[Result "0-1"]
[WhiteElo "2116"]
[BlackElo "1875"]
[PlyCount "84"]
[EventDate "2018.??.??"]

1. e4 Nf6 2. d3 d5 3. e5 Nfd7 4. f4 c5 5. Nf3 e6 6. g3 b6 7. Bg2 Bb7 8. O-O Nc6
9. c3 h6 10. Nbd2 Qc7 11. d4 Be7 12. Kh1 O-O-O 13. Qa4 f5 14. a3 g5 15. c4 g4
16. Ne1 dxc4 17. d5 exd5 18. Bxd5 Nd4 19. Bg2 h5 20. Kg1 Bxg2 21. Nxg2 b5 22.
Qa6+ Qb7 23. Qxb7+ Kxb7 24. a4 a6 25. Ne3 Nb6 26. a5 Nd5 27. Nxd5 Rxd5 28. Rf2
Bd8 29. Kg2 h4 30. Ra2 Rd7 31. Nf1 h3+ 32. Kg1 Nf3+ 33. Rxf3 gxf3 34. Ne3 Kc6
35. Kf2 Rf8 36. g4 fxg4 37. Nxg4 Bh4+ 38. Kxf3 Bg5 39. Nf2 Bh6 40. Be3 Rd5 41.
Ne4 Bxf4 42. Bxf4 Rd3+ 0-1

[Event "SR 3. liga A2 2018/2019"]
[Site "?"]
[Date "2018.11.25"]
[Round "4.6"]
[White "Lopatievov, Alexander"]
[Black "Nemeckay, Rastislav"]
[Result "1/2-1/2"]
[WhiteElo "1825"]
[BlackElo "1964"]
[PlyCount "59"]
[EventDate "2018.??.??"]

1. c4 c6 2. Nc3 d5 3. cxd5 cxd5 4. d4 Nf6 5. Nf3 e6 6. a3 Bd6 7. e3 O-O 8. Bd3
Nbd7 9. O-O a6 10. e4 dxe4 11. Nxe4 Nxe4 12. Bxe4 Nf6 13. Bg5 Be7 14. Bc2 b5
15. Qd3 g6 16. Rfd1 Bb7 17. Qe2 Rc8 18. Bxf6 Bxf6 19. Be4 Bd5 20. Rac1 Rxc1 21.
Rxc1 Qd7 22. h3 Rd8 23. Ne5 Qd6 24. Bxd5 Qxd5 25. Rc7 Bxe5 26. dxe5 Qd1+ 27.
Qxd1 Rxd1+ 28. Kh2 Rd2 29. f4 Rxb2 30. Ra7 1/2-1/2

[Event "SR 3. liga A2 2018/2019"]
[Site "?"]
[Date "2018.11.25"]
[Round "4.6"]
[White "Hanzluvka, Peter"]
[Black "Zarecky, Eduard"]
[Result "1-0"]
[WhiteElo "1903"]
[BlackElo "1839"]
[PlyCount "135"]
[EventDate "2018.??.??"]

1. e4 e5 2. Nf3 Nc6 3. Bb5 d6 4. c3 Bd7 5. d3 Nf6 6. Nbd2 Na5 7. Bxd7+ Qxd7 8.
Nf1 Be7 9. Ne3 g6 10. O-O c5 11. c4 Nc6 12. Qa4 Nd4 13. Qxd7+ Kxd7 14. Nxd4
exd4 15. Nd5 Nxd5 16. exd5 f5 17. Re1 Rae8 18. Bd2 Bd8 19. h3 Rxe1+ 20. Rxe1
Re8 21. Rxe8 Kxe8 22. b4 a6 23. bxc5 dxc5 24. a3 g5 25. f4 h6 26. g4 Kf7 27.
Kg2 Kg6 28. Kf3 Bc7 29. Bc1 Bd6 30. Bd2 Bc7 31. fxg5 hxg5 32. Be1 a5 33. Bg3 f4
34. Bf2 Bd6 35. Ke4 b6 36. h4 Bc7 37. h5+ Kf6 38. h6 Kg6 39. h7 Kxh7 40. Kf5
Bd8 41. Ke6 Kg6 42. Kd7 Bf6 43. Kc8 Bh8 44. d6 Kf7 45. Kd7 Bf6 46. Kc8 b5 47.
cxb5 c4 48. b6 cxd3 49. Be1 f3 50. b7 f2 51. Bxf2 d2 52. b8=Q d1=Q 53. Qb7+ Kf8
54. Qc6 Qxg4+ 55. d7 Qf5 56. Qd6+ Be7 57. Qh6+ Kf7 58. Qh5+ Kg7 59. Bxd4+ Bf6
60. Bxf6+ Kxf6 61. Qh8+ Ke7 62. Qg7+ Kd6 63. Qd4+ Ke7 64. Qe3+ Kf6 65. Qc3+ Ke7
66. Qg7+ Kd6 67. Qh6+ Ke7 68. Qxg5+ 1-0

[Event "SR 3. liga A2 2018/2019"]
[Site "?"]
[Date "2018.11.25"]
[Round "4.6"]
[White "Slaby, Jozef"]
[Black "Jarabek, Milan"]
[Result "0-1"]
[WhiteElo "1733"]
[BlackElo "1764"]
[Annotator ",Jozef"]
[PlyCount "164"]
[EventDate "2018.??.??"]

1. Nf3 Nf6 2. c4 g6 3. Nc3 Bg7 4. g3 d5 5. cxd5 Nxd5 6. Bg2 O-O 7. O-O c5 8. a3
Nc6 9. Ng5 e6 10. Nf3 Nd4 11. e4 Nxc3 12. bxc3 Nxf3+ 13. Bxf3 e5 14. Bg2 c4 15.
a4 Bh6 16. Qe2 Be6 17. Rd1 Qc7 18. Ba3 Rfd8 19. a5 Rd3 20. Bf1 Rad8 21. Bc1 Qd7
22. Ra2 Bg4 23. Qxd3 cxd3 24. Re1 Bh3 25. Ra3 Bxf1 26. Rxf1 Qc6 27. Re1 Bf8 28.
Ra1 Bd6 29. Kg2 Bc7 30. Ba3 Bd6 31. Bb2 b6 32. axb6 Qxb6 33. Rab1 Rb8 34. Ba3
Qxb1 35. Rxb1 Rxb1 36. Bxd6 f6 37. Kf3 a5 38. Ke3 Kf7 39. Kxd3 Ke6 40. Bf8 a4
41. Kc2 Rb8 42. Bb4 f5 43. f3 Ra8 44. Kb2 $11 Kd7 45. d3 h5 46. Ka3 Kc6 47. Be7
Ra7 48. Bf6 fxe4 49. fxe4 Rf7 50. Bxe5 Rf3 51. Kxa4 Rxd3 52. Bd4 Rd2 53. h4 Rd3
54. Be5 Re3 55. Kb3 Rxe4 56. Bf4 Kc5 57. Bg5 Re2 58. Bf4 Re7 59. Bg5 Rb7+ 60.
Kc2 Kc4 61. Kd2 Rf7 62. Bf4 Rf5 63. Ke3 Kxc3 64. Ke4 Kc2 65. Kf3 Kd3 66. g4 Ra5
67. gxh5 Rxh5 68. Bg5 Rxg5 69. hxg5 Kd4 70. Kf4 Kd5 71. Kf3 Ke5 72. Kg4 Ke4 73.
Kg3 Kf5 74. Kh4 Kf4 75. Kh3 Kxg5 76. Kg3 Kf5 77. Kf3 g5 78. Kg3 g4 79. Kf2 Kf4
80. Kg2 g3 81. Kf1 Kf3 82. Kg1 g2 0-1

[Event "SR 3. liga A2 2018/2019"]
[Site "?"]
[Date "2018.11.25"]
[Round "4.6"]
[White "Diviak, Rudolf"]
[Black "Gajarsky, Julius"]
[Result "1/2-1/2"]
[WhiteElo "1737"]
[BlackElo "1702"]
[PlyCount "50"]
[EventDate "2018.??.??"]

1. e4 c5 2. Bc4 e6 3. Qe2 d6 4. c3 Nc6 5. Bb3 Nf6 6. Nf3 Be7 7. d3 O-O 8. O-O
b5 9. Re1 Ng4 10. Nbd2 Qc7 11. h3 Nge5 12. d4 Nxf3+ 13. Nxf3 c4 14. Bc2 e5 15.
a3 Bd7 16. Be3 Bf6 17. d5 Ne7 18. a4 a6 19. Ra2 Ng6 20. Rea1 Qb7 21. Qd2 Nh4
22. Nxh4 Bxh4 23. Kh2 Be7 24. Bg5 Bxg5 25. Qxg5 f6 1/2-1/2

[Event "SR 3. liga A2 2018/2019"]
[Site "?"]
[Date "2018.11.25"]
[Round "4.6"]
[White "Kramar, Matus"]
[Black "Ulehla, Jakub"]
[Result "1/2-1/2"]
[WhiteElo "1659"]
[BlackElo "1653"]
[PlyCount "54"]
[EventDate "2018.??.??"]

1. e4 c5 2. Nf3 Nc6 3. d4 cxd4 4. Nxd4 g6 5. Be3 Bg7 6. Nc3 Nf6 7. f3 O-O 8.
Qd2 d6 9. Nxc6 bxc6 10. Bc4 Be6 11. Bb3 c5 12. Rd1 Rb8 13. Bxe6 fxe6 14. b3 Qa5
15. Na4 Qc7 16. c4 Nd7 17. O-O Ne5 18. Nc3 Nc6 19. Kh1 h6 20. Ne2 e5 21. Nc3
Nb4 22. Nd5 Nxd5 23. Qxd5+ Kh8 24. f4 Qb7 25. fxe5 Qxd5 26. exd5 Bxe5 27. Kg1
Kg7 1/2-1/2

[Event "SR 3. liga A2 2018/2019"]
[Site "?"]
[Date "2018.11.25"]
[Round "4.6"]
[White "Hrdlicka, Martin"]
[Black "Skreko, Igor"]
[Result "0-1"]
[WhiteElo "1492"]
[BlackElo "1510"]
[PlyCount "66"]
[EventDate "2018.??.??"]

1. e4 c5 2. Nf3 d6 3. Bb5+ Bd7 4. Qe2 a6 5. Bxd7+ Qxd7 6. O-O Nf6 7. c3 e6 8.
d4 cxd4 9. cxd4 Be7 10. Nc3 O-O 11. Bg5 Nc6 12. Rfd1 h6 13. Bh4 Qc7 14. Rac1
Rac8 15. d5 Na5 16. dxe6 fxe6 17. Nd4 Qc4 18. Qxc4 Nxc4 19. b3 Nb2 20. Rd2 Nxe4
21. Bxe7 Nxd2 22. Bxf8 Kxf8 23. Rc2 e5 24. Ne6+ Kf7 25. Nd8+ Kg6 26. Rxd2 Rxc3
27. Rxd6+ Kf5 28. Kf1 Nd3 29. Nxb7 Nb4 30. a3 Nc2 31. Rxa6 Rxb3 32. Nd6+ Kf4
33. g3+ Kf3 0-1

[Event "SR 3. liga A2 2018/2019"]
[Site "?"]
[Date "2018.12.09"]
[Round "5.1"]
[White "Sadlon, Juraj"]
[Black "Slamena, Michal"]
[Result "1-0"]
[WhiteElo "1878"]
[BlackElo "1997"]
[PlyCount "81"]
[EventDate "2018.??.??"]

1. e4 c5 2. Nf3 d6 3. c3 Nf6 4. Bb5+ Nbd7 5. Qe2 a6 6. Ba4 b5 7. Bc2 e5 8. d3
g6 9. O-O Bg7 10. Nbd2 O-O 11. Rd1 Re8 12. b4 Bb7 13. a4 Qc7 14. bxc5 dxc5 15.
axb5 axb5 16. Bb2 Nb6 17. Rdb1 Nfd7 18. Bb3 h6 19. Nh4 Nf8 20. Ba3 Ne6 21. g3
Bc6 22. Bxe6 Rxe6 23. Bxc5 Na4 24. Bb4 Rd8 25. Nb3 Qd7 26. Rd1 Bf8 27. Bxf8
Kxf8 28. Qc2 Rd6 29. Nf3 f6 30. d4 Qg4 31. Nbd2 f5 32. Nxe5 Bxe4 33. Nxe4 Qxe4
34. Qb3 Qd5 35. c4 Qe6 36. Qb4 Kg8 37. cxb5 Nb6 38. Nc6 R8d7 39. Qc5 Rb7 40.
Re1 Qd5 41. Ne7+ 1-0

[Event "SR 3. liga A2 2018/2019"]
[Site "?"]
[Date "2018.12.09"]
[Round "5.1"]
[White "Malar, Pavol"]
[Black "Hanzluvka, Peter"]
[Result "0-1"]
[WhiteElo "2090"]
[BlackElo "1911"]
[PlyCount "74"]
[EventDate "2018.??.??"]

1. e4 c5 2. Nc3 Nc6 3. f4 e6 4. Nf3 g6 5. Bc4 Bg7 6. O-O Nge7 7. d3 a6 8. a4
O-O 9. Qe1 Nd4 10. Qf2 b6 11. Nd1 Bb7 12. c3 Nxf3+ 13. Qxf3 d5 14. Bb3 Qc7 15.
Nf2 b5 16. axb5 axb5 17. Rxa8 Rxa8 18. e5 c4 19. Bc2 d4 20. Ne4 dxc3 21. bxc3
Nd5 22. dxc4 bxc4 23. Nd6 Ra2 24. Be4 Qc5+ 25. Kh1 Bc6 26. Bb1 Nxc3 27. Ne4
Bxe4 28. Bxe4 Nxe4 29. Qxe4 Bf8 30. Rd1 c3 31. Be3 Qa3 32. Qd4 Ra1 33. h3 Rxd1+
34. Qxd1 c2 35. Qc1 Qd3 36. Kg1 Ba3 37. Qe1 Qd1 0-1

[Event "SR 3. liga A2 2018/2019"]
[Site "?"]
[Date "2018.12.09"]
[Round "5.1"]
[White "Jarabek, Milan"]
[Black "Bisco, Igor"]
[Result "0-1"]
[WhiteElo "1769"]
[BlackElo "2041"]
[PlyCount "56"]
[EventDate "2018.??.??"]

1. d4 Nf6 2. c4 g6 3. Nc3 Bg7 4. e4 d6 5. Nf3 O-O 6. Be2 e5 7. O-O Nc6 8. d5
Ne7 9. Bg5 h6 10. Bh4 g5 11. Bg3 Ne8 12. Ne1 f5 13. f3 f4 14. Bf2 Ng6 15. Nd3
Rf7 16. b4 Bf8 17. c5 Rg7 18. cxd6 cxd6 19. Nb5 Bd7 20. a4 h5 21. Nxa7 Nh4 22.
b5 g4 23. Nc6 Qg5 24. Bxh4 Qxh4 25. a5 g3 26. h3 Bxh3 27. gxh3 Qxh3 28. Nc1
Qh2# 0-1

[Event "SR 3. liga A2 2018/2019"]
[Site "?"]
[Date "2018.12.09"]
[Round "5.1"]
[White "Cebo, Vladimir"]
[Black "Diviak, Rudolf"]
[Result "0-1"]
[WhiteElo "1638"]
[BlackElo "1746"]
[PlyCount "84"]
[EventDate "2018.??.??"]

1. c4 d6 2. e4 g6 3. d4 Bg7 4. Nf3 c5 5. Be3 cxd4 6. Bxd4 Nf6 7. Bd3 O-O 8. O-O
Nc6 9. Bc3 Qc7 10. Nbd2 Be6 11. Re1 Rad8 12. Qc2 Ne5 13. Nxe5 dxe5 14. Rad1 Ng4
15. h3 Nh6 16. b3 f6 17. Nf3 Nf7 18. Qb2 Rd7 19. Qa3 b6 20. Bb4 Rfd8 21. Be2
Bf8 22. Rxd7 Rxd7 23. c5 a5 24. Bd2 Qxc5 25. b4 axb4 26. Bxb4 Qc2 27. Bb5 Rc7
28. Qa6 Bc4 29. a3 Bxb5 30. Qxb5 Qc6 31. Qd3 Rd7 32. Qb1 Nd6 33. Nd2 Rc7 34.
Qb3+ Kg7 35. Qg3 Kh8 36. f4 exf4 37. Qxf4 Nf7 38. Nb3 e5 39. Qf3 Bxb4 40. axb4
Kg7 41. Rc1 Qd6 42. b5 Rxc1+ 0-1

[Event "SR 3. liga A2 2018/2019"]
[Site "?"]
[Date "2018.12.09"]
[Round "5.1"]
[White "Pericka, Pavol"]
[Black "Janas, Peter"]
[Result "1/2-1/2"]
[WhiteElo "1781"]
[BlackElo "1714"]
[PlyCount "81"]
[EventDate "2018.??.??"]

1. e4 d6 2. d4 g6 3. Bc4 Bg7 4. c3 Nf6 5. Qe2 c6 6. Nf3 O-O 7. O-O Nxe4 8. Qxe4
d5 9. Bxd5 cxd5 10. Qh4 Nc6 11. Ng5 h6 12. Nf3 e6 13. Qg3 Ne7 14. Ne5 Nf5 15.
Qh3 Qh4 16. Qxh4 Nxh4 17. Na3 a6 18. Nc2 Nf5 19. Ne3 Nxe3 20. Bxe3 Kh7 21. f3
f6 22. Nd3 b6 23. Bf4 Bd7 24. a4 Rfc8 25. Rfe1 Kg8 26. a5 Rc6 27. axb6 Rxb6 28.
Nc5 Bc8 29. b4 Kf7 30. Bc7 Rc6 31. Bf4 g5 32. Bg3 Bf8 33. b5 Rb6 34. Reb1 e5
35. Bf2 Rab8 36. dxe5 Bxc5 37. Bxc5 Rxb5 38. Rxb5 Rxb5 39. Bd4 fxe5 40. Bxe5
Kg6 41. Bd4 1/2-1/2

[Event "SR 3. liga A2 2018/2019"]
[Site "?"]
[Date "2018.12.09"]
[Round "5.1"]
[White "Tupy, Bystrik"]
[Black "Skapik, Branislav"]
[Result "0-1"]
[WhiteElo "1733"]
[BlackElo "1765"]
[PlyCount "104"]
[EventDate "2018.??.??"]

1. e4 d5 2. exd5 Nf6 3. Nc3 Nxd5 4. Nxd5 Qxd5 5. Nf3 e5 6. Qe2 Nc6 7. h3 Be7 8.
b3 Nd4 9. Nxd4 Qxd4 10. c3 Qd6 11. Qe4 O-O 12. Bc4 Kh8 13. O-O f5 14. Qe2 Be6
15. a4 c5 16. Re1 e4 17. d3 Bxc4 18. dxc4 Bf6 19. Bb2 Rad8 20. Rad1 Qb6 21. Qc2
h6 22. Rd5 Rxd5 23. cxd5 Rd8 24. Rd1 Be5 25. Ba3 Qc7 26. Bb2 c4 27. b4 a6 28.
Qe2 b5 29. a5 Qf7 30. Qd2 g5 31. g3 Qf6 32. Kg2 Kh7 33. Qe3 Kg6 34. f3 exf3+
35. Kxf3 Qd6 36. Kg2 Qf6 37. h4 f4 38. Qe4+ Qf5 39. Qxf5+ Kxf5 40. hxg5 hxg5
41. gxf4 gxf4 42. Kf3 Rd6 43. Bc1 Rg6 44. Rh1 Rg3+ 45. Ke2 Ke4 46. Rh6 Rg2+ 47.
Ke1 Rg1+ 48. Kd2 f3 49. Rxa6 Bf4+ 50. Kc2 Rxc1+ 51. Kb2 f2 52. Re6+ Kxd5 0-1

[Event "SR 3. liga A2 2018/2019"]
[Site "?"]
[Date "2018.12.09"]
[Round "5.1"]
[White "Sadlon, Matus"]
[Black "Tupy, Emil"]
[Result "1-0"]
[WhiteElo "1689"]
[BlackElo "1645"]
[PlyCount "107"]
[EventDate "2018.??.??"]

1. e4 e5 2. Nf3 Nf6 3. Nc3 Nc6 4. d4 exd4 5. Nxd4 Bb4 6. Nxc6 Bxc3+ 7. bxc3
bxc6 8. Bd3 d6 9. O-O O-O 10. Bg5 h6 11. Bh4 Re8 12. Re1 g5 13. Bg3 Kg7 14. f4
Bg4 15. Qd2 Nh7 16. f5 f6 17. Rab1 Rb8 18. Rb3 Nf8 19. Reb1 Rxb3 20. cxb3 Nd7
21. Re1 Ne5 22. Bxe5 Rxe5 23. Bc4 Qe7 24. Be6 d5 25. h3 Bh5 26. exd5 Qc5+ 27.
Kf1 Rxe1+ 28. Qxe1 cxd5 29. Qd2 c6 30. Qd4 Qa3 31. Qd2 Bf7 32. b4 Qa6+ 33. Kf2
Qc4 34. a4 a6 35. a5 c5 36. b5 axb5 37. a6 Qa4 38. Bxf7 Kxf7 39. Qxd5+ Ke8 40.
Qe6+ Kd8 41. Qxf6+ Kc7 42. Qe7+ Kc6 43. Qb7+ Kd6 44. Qb6+ Kd7 45. Qe6+ Kc7 46.
Qe5+ Kb6 47. Qd6+ Ka7 48. f6 Qc2+ 49. Kg1 Qxc3 50. f7 Qd4+ 51. Qxd4 cxd4 52.
f8=Q Kxa6 53. Qd6+ Ka5 54. Qxd4 1-0

[Event "SR 3. liga A2 2018/2019"]
[Site "?"]
[Date "2018.12.09"]
[Round "5.1"]
[White "Motyckova, Monika"]
[Black "Hrdlicka, Martin"]
[Result "0-1"]
[WhiteElo "1000"]
[BlackElo "1443"]
[PlyCount "66"]
[EventDate "2018.??.??"]

1. e4 e5 2. Nf3 Nc6 3. Bc4 Bc5 4. d3 Nf6 5. Bg5 d6 6. h3 Be6 7. Bb3 Qd7 8. c3
Bb6 9. Nh4 h6 10. Bxf6 gxf6 11. Qf3 O-O-O 12. Qxf6 d5 13. exd5 Bxd5 14. Bxd5
Qxd5 15. Qf5+ Kb8 16. O-O Rhg8 17. Kh2 Rg5 18. Qe4 Qe6 19. Qc4 Qd6 20. Kh1 Rdg8
21. Nd2 Qd7 22. Kh2 f5 23. Ndf3 R5g7 24. Rae1 Qd6 25. Kh1 Qf6 26. b4 f4 27. Qe4
a6 28. Nxe5 Nxe5 29. Qxe5 Qxh4 30. Re4 Rxg2 31. Qf5 R8g4 32. Qxg4 Rxg4 33. Re8+
Ka7 0-1

[Event "SR 3. liga A2 2018/2019"]
[Site "?"]
[Date "2018.12.09"]
[Round "5.2"]
[White "Szitkey, Milan"]
[Black "Lanc, Alois"]
[Result "0-1"]
[WhiteElo "2089"]
[BlackElo "2282"]
[PlyCount "76"]
[EventDate "2018.??.??"]

1. e4 e5 2. Nf3 Nc6 3. Bb5 a6 4. Ba4 Nf6 5. d3 b5 6. Bb3 d6 7. Ng5 d5 8. exd5
Nd4 9. Be3 Nxb3 10. axb3 Nxd5 11. Qf3 f6 12. Ne4 Nxe3 13. fxe3 Rb8 14. O-O Be7
15. Qh5+ g6 16. Qh6 Kf7 17. Nbc3 Rb6 18. Rf2 Kg8 19. Raf1 f5 20. g4 g5 21. Qh5
f4 22. d4 Kg7 23. Nxg5 Bxg5 24. Ne4 Rg6 25. h3 Bb7 26. exf4 Bxe4 27. fxg5 Qxd4
28. Kh2 Bd5 29. Qh4 Qe3 30. Rf5 Be6 31. R1f3 Qe4 32. Qf2 Bxf5 33. Rxf5 Rd8 34.
Kg3 Kg8 35. Qc5 Qe1+ 36. Kf3 e4+ 37. Kf4 Rgd6 38. Rf6 Rxf6+ 0-1

[Event "SR 3. liga A2 2018/2019"]
[Site "?"]
[Date "2018.12.09"]
[Round "5.2"]
[White "Slaba, Andrea"]
[Black "Puskar, David"]
[Result "0-1"]
[WhiteElo "1911"]
[BlackElo "1822"]
[PlyCount "76"]
[EventDate "2018.??.??"]

1. b3 Nf6 2. Bb2 g6 3. Nf3 Bg7 4. g3 b6 5. Bg2 Bb7 6. O-O O-O 7. d4 d5 8. Nbd2
c5 9. dxc5 bxc5 10. e3 Nc6 11. c4 e6 12. cxd5 exd5 13. Ne5 Qc7 14. Nxc6 Bxc6
15. Qc2 Bb7 16. Rac1 Rac8 17. Bh3 Nd7 18. Bxg7 Kxg7 19. Qb2+ Kg8 20. Qa3 Rfd8
21. Rfd1 Qb6 22. Rc2 f5 23. Nb1 Ne5 24. Nd2 d4 25. e4 Rc7 26. f4 d3 27. Rcc1
c4+ 28. Kf1 c3 29. fxe5 Qe3 30. Nc4 Qf3+ 31. Kg1 Bxe4 32. Rxc3 Qh1+ 33. Kf2
Qxh2+ 34. Ke3 Qe2+ 35. Kf4 Qf3+ 36. Kg5 Qxg3+ 37. Kf6 Rf7+ 38. Ke6 Bd5# 0-1

[Event "SR 3. liga A2 2018/2019"]
[Site "?"]
[Date "2018.12.09"]
[Round "5.2"]
[White "Babirat, Michal"]
[Black "Bango, Dominik"]
[Result "1-0"]
[WhiteElo "1844"]
[BlackElo "1879"]
[PlyCount "113"]
[EventDate "2018.??.??"]

1. c4 e6 2. d4 d5 3. Nf3 Nf6 4. Bg5 Be7 5. e3 O-O 6. Nc3 Nbd7 7. a3 b6 8. cxd5
Nxd5 9. Bxe7 Qxe7 10. Nxd5 exd5 11. Bd3 Bb7 12. Rc1 c5 13. O-O Rac8 14. Qa4 a6
15. Bf5 b5 16. Qa5 c4 17. a4 Qd8 18. Qb4 Bc6 19. axb5 Bxb5 20. Rc3 Rb8 21. Qa3
Nb6 22. Ra1 Nc8 23. Bxc8 Rxc8 24. b3 Qb6 25. bxc4 Rxc4 26. Ne5 Ra4 27. Qc1 Rxa1
28. Qxa1 f6 29. Nd3 Bxd3 30. Rxd3 Rc8 31. g3 Qb5 32. Ra3 Rc6 33. Ra5 Qc4 34.
Kg2 Rb6 35. Qa3 Kf7 36. Rc5 Qe2 37. Rc7+ Kg6 38. Qe7 Kf5 39. Qxg7 Qh5 40. Qxh7+
Qxh7 41. Rxh7 Ke4 42. h4 f5 43. Re7+ Kd3 44. Kf3 Kc3 45. Kf4 Rb2 46. Rc7+ Kd3
47. Kf3 a5 48. Rc5 a4 49. Rxd5 a3 50. Rxf5 Kc3 51. Ra5 a2 52. g4 Kb3 53. h5 Rb1
54. g5 a1=Q 55. Rxa1 Rxa1 56. h6 Rh1 57. d5 1-0

[Event "SR 3. liga A2 2018/2019"]
[Site "?"]
[Date "2018.12.09"]
[Round "5.2"]
[White "Capanda, Jan"]
[Black "Ganzova, Veronika"]
[Result "1-0"]
[WhiteElo "1895"]
[BlackElo "1600"]
[PlyCount "43"]
[EventDate "2018.??.??"]

1. e4 e5 2. Nf3 Nc6 3. Bc4 Bc5 4. Nc3 Nf6 5. a3 d6 6. h3 a6 7. Ba2 O-O 8. O-O
Re8 9. d3 h6 10. Kh1 Bd7 11. Nh2 Be6 12. Nd5 Nd4 13. c3 Nb5 14. a4 Nd4 15. cxd4
Bxd4 16. f4 exf4 17. Nxf4 Bd7 18. Nf3 Bb6 19. Bd2 Qc8 20. Bc3 Nh7 21. Nh2 Ng5
22. Qh5 1-0

[Event "SR 3. liga A2 2018/2019"]
[Site "?"]
[Date "2018.12.09"]
[Round "5.2"]
[White "Ganz, Marek"]
[Black "Lopatievov, Alexander"]
[Result "0-1"]
[WhiteElo "1694"]
[BlackElo "1826"]
[PlyCount "79"]
[EventDate "2018.??.??"]

1. e4 c6 2. d4 d5 3. Nc3 dxe4 4. Nxe4 Bf5 5. Ng3 Bg6 6. Nf3 e6 7. Bd3 Ne7 8. c3
Nd7 9. Bf4 Bxd3 10. Qxd3 Nd5 11. Bg5 Be7 12. Bxe7 Qxe7 13. O-O h5 14. Qd2 O-O-O
15. Rfe1 Qf8 16. c4 N5f6 17. b4 h4 18. Ne4 h3 19. g3 Rh5 20. Qc3 Nxe4 21. Rxe4
Nf6 22. Re5 Rxe5 23. Nxe5 Qd6 24. Rd1 Qxe5 25. b5 Qc7 26. a4 e5 27. bxc6 Qxc6
28. f3 exd4 29. Qd3 Qe6 30. Kf1 Qe3 31. Qf5+ Qe6 32. Qc5+ Qc6 33. Qf5+ Kb8 34.
Qf4+ Qd6 35. Qg5 d3 36. c5 Qd5 37. Qf4+ Ka8 38. Qe3 d2 39. c6 bxc6 40. Qe7 0-1